Datum a čas kvízu
29.5
Celkem bodů
Celkový počet nahraných bodů na tomto kvízu bez doplňovacích otázek.
7.
Pořadí na kvízu
Konečné umístění týmu na tomto kvízu.
Zaznamenané odpovědi
| # | Otázka | Odpověď | Body | Výsledky |
|---|---|---|---|---|
| 1. | V pátek přejel první vlak přes... | Orlík | 1 | |
| 2. | Během návštěvy Vladimira Putin... | v Kazachstánu | 0 | |
| 3. | Ve kterém roce byl zničen chrá... | Dykuvzdání | 0 | |
| 4. | Na závěr hledáme název českosl... | o Německu | 1 | |
| 5. | Při zápase brazilské fotbalové... | pódium (stage) | 0 | |
| 6. | Začneme mladším (a slavnějším)... | Krakatit | 1 | |
| 7. | Josef Čapek byl především malí... | A | 1 | |
| 8. | Přiřaďte k těmto literárním dí... | 1B 2D 3A 4C | 0 | |
| 9. | Napište názvy dvou deníků, v n... | Národní listy, Lidové noviny | 1 | |
| 10. | Napište název románu, jehož zá... | Válka s Mloky | 1 |